[Event "2021 FIDE Online Olympiad"]
[Site "Chess.com"]
[Date "2021.08.29"]
[Round "7.6"]
[White "Dutt, Lakshita"]
[Black "Malan, Lucia"]
[Result "0-1"]
[WhiteElo "1715"]
[BlackElo "1876"]
[PlyCount "80"]
[EventDate "2021.08.27"]
[EventType "team"]
[EventRounds "9"]
[SourceVersionDate "2018.05.14"]
[WhiteTeam "Malawi"]
[BlackTeam "Uruguay"]
[WhiteTeamCountry "MWI"]
[BlackTeamCountry "URU"]

1. d4 d5 2. c4 e6 3. Nc3 Nf6 4. cxd5 exd5 5. Bg5 Be7 6. Nf3 O-O 7. e3 Bg4 8.
Be2 c6 9. O-O Nbd7 10. h3 Bh5 11. Nh2 Bg6 12. Bd3 Ne4 13. Bxe7 Qxe7 14. Qc2
Ndf6 15. Nf3 c5 16. Ne5 Nxc3 17. Qxc3 Bxd3 18. Qxd3 Rac8 19. Rac1 Ne4 20. Rfd1
Qh4 21. Qf1 Rfd8 22. dxc5 Nxc5 23. Nf3 Qf6 24. Qb5 Qd6 25. Rc2 a6 26. Qb4 b6
27. Rcd2 Qc6 28. Qc3 Ne4 29. Qxc6 Rxc6 30. Rxd5 Rxd5 31. Rxd5 f6 32. Rd8+ Kf7
33. Rd7+ Kg6 34. Rd1 Rc2 35. Rb1 Rxf2 36. a3 Re2 37. Nh4+ Kh5 38. Nf5 g6 39.
g4+ Kg5 40. h4+ Kxg4 0-1

[Event "2021 FIDE Online Olympiad"]
[Site "Chess.com"]
[Date "2021.08.29"]
[Round "7.1"]
[White "Polanco Nunez, Yoel Estarling"]
[Black "Sanches, Casanova Romario"]
[Result "1-0"]
[WhiteElo "2222"]
[BlackElo "1954"]
[PlyCount "89"]
[EventDate "2021.08.27"]
[EventType "team"]
[EventRounds "9"]
[SourceVersionDate "2018.05.14"]
[WhiteTeam "Dominican Republic"]
[BlackTeam "Suriname"]
[WhiteTeamCountry "DOM"]
[BlackTeamCountry "SUR"]

1. c4 c5 2. Nc3 Nc6 3. g3 g6 4. Bg2 Bg7 5. Nf3 e5 6. d3 Nge7 7. O-O O-O 8. a3
d6 9. Rb1 a5 10. Ne1 h6 11. Nc2 Nd4 12. Ne3 Nec6 13. Ned5 f5 14. e3 Ne6 15. Bd2
g5 16. f4 exf4 17. gxf4 gxf4 18. exf4 Kh7 19. Re1 Rb8 20. Qh5 Bd4+ 21. Kh1 Ng7
22. Qh3 Bd7 23. Nb5 Be8 24. Nxd4 Nxd4 25. b4 axb4 26. axb4 Bh5 27. Re7 Rf7 28.
Rxf7 Bxf7 29. Re1 Bxd5 30. Bxd5 cxb4 31. Rg1 Ne2 32. Rg2 Nc3 33. Bf7 Qf6 34.
Bg6+ Qxg6 35. Rxg6 Kxg6 36. d4 Ne4 37. Qg2+ Kf7 38. Bxb4 b5 39. c5 dxc5 40.
Qa2+ c4 41. Qa7+ Kg6 42. Qxb8 Nh5 43. Qb6+ Nhf6 44. Qxb5 c3 45. Qc6 1-0

[Event "2021 FIDE Online Olympiad"]
[Site "Chess.com"]
[Date "2021.08.29"]
[Round "7.4"]
[White "Kaslan, Alexandra"]
[Black "Diaz Cesar, Wilsaida Pieranlly"]
[Result "0-1"]
[WhiteElo "1435"]
[BlackElo "1867"]
[PlyCount "80"]
[EventDate "2021.08.27"]
[EventType "team"]
[EventRounds "9"]
[SourceVersionDate "2018.05.14"]
[WhiteTeam "Suriname"]
[BlackTeam "Dominican Republic"]
[WhiteTeamCountry "SUR"]
[BlackTeamCountry "DOM"]

1. d4 d5 2. Nf3 Nf6 3. Bf4 e6 4. e3 Bd6 5. Ne5 c5 6. c3 O-O 7. Bd3 Nc6 8. Nd2
Qc7 9. Ndf3 b6 10. h4 Bb7 11. g4 Ne4 12. Ng5 Nxe5 13. dxe5 Bxe5 14. Qc2 Bxf4
15. exf4 Qxf4 16. Nxe4 dxe4 17. Be2 e3 18. O-O Rad8 19. Rad1 exf2+ 20. Rxf2
Qg3+ 21. Kf1 Qh3+ 22. Ke1 Rxd1+ 23. Qxd1 Qxh4 24. Bf1 Rd8 25. Qe2 Qg5 26. Qc2
Qxg4 27. Be2 Qg1+ 28. Bf1 h5 29. Qe2 g6 30. Qe3 Qg4 31. Be2 Qe4 32. Qc1 h4 33.
Rf1 h3 34. Kf2 h2 35. Rh1 Qg2+ 36. Ke3 Qxh1 37. Qxh1 Bxh1 38. Kf2 Be4 39. Ke3
h1=Q 40. Kf4 Qh4+ 0-1

[Event "2021 FIDE Online Olympiad"]
[Site "Chess.com"]
[Date "2021.08.29"]
[Round "7.5"]
[White "Mesa Cruz, Juan Carlos"]
[Black "Kalidjo, Imaan"]
[Result "0-1"]
[WhiteElo "2040"]
[BlackElo "1692"]
[PlyCount "64"]
[EventDate "2021.08.27"]
[EventType "team"]
[EventRounds "9"]
[SourceVersionDate "2018.05.14"]
[WhiteTeam "Dominican Republic"]
[BlackTeam "Suriname"]
[WhiteTeamCountry "DOM"]
[BlackTeamCountry "SUR"]

1. e4 e5 2. Nf3 Nf6 3. Nxe5 Nc6 4. Nxc6 dxc6 5. Nc3 Bc5 6. h3 h5 7. d3 Qd6 8.
Qf3 Be6 9. Bf4 Qe7 10. a3 O-O-O 11. Be2 Bd4 12. O-O Rdg8 13. Bg5 Qd6 14. Nd1
Bg4 15. hxg4 hxg4 16. Bf4 gxf3 17. Bxd6 fxe2 18. Re1 exd1=Q 19. Raxd1 cxd6 20.
c3 Bb6 21. d4 Re8 22. f3 c5 23. g4 g5 24. Kg2 Kc7 25. d5 Nd7 26. c4 Ne5 27. Rc1
Kd7 28. Re3 Ng6 29. Kg3 Nf4 30. b3 Rh3+ 31. Kf2 Rh2+ 32. Kg1 Reh8 0-1

[Event "2021 FIDE Online Olympiad"]
[Site "Chess.com"]
[Date "2021.08.29"]
[Round "7.6"]
[White "Kaslan, Catherine"]
[Black "Ramirez Luzon, Franchesca"]
[Result "1-0"]
[WhiteElo "1856"]
[BlackElo "1743"]
[PlyCount "55"]
[EventDate "2021.08.27"]
[EventType "team"]
[EventRounds "9"]
[SourceVersionDate "2018.05.14"]
[WhiteTeam "Suriname"]
[BlackTeam "Dominican Republic"]
[WhiteTeamCountry "SUR"]
[BlackTeamCountry "DOM"]

1. e4 c5 2. Nf3 Nc6 3. d4 cxd4 4. Nxd4 Qb6 5. Nb3 Nf6 6. Nc3 e6 7. Be3 Qc7 8.
Bd3 a6 9. a4 Bb4 10. O-O d6 11. f4 O-O 12. Qf3 b6 13. Bd2 Bc5+ 14. Nxc5 bxc5
15. Rae1 Nd4 16. Qf2 Rb8 17. b3 Bb7 18. Qh4 Qc6 19. Rf2 h6 20. g4 Nh7 21. g5
hxg5 22. fxg5 g6 23. Re3 Qd7 24. Rh3 f5 25. gxf6 Qf7 26. Bh6 Rfe8 27. Bg7 d5
28. Qxh7# 1-0

[Event "2021 FIDE Online Olympiad"]
[Site "Chess.com"]
[Date "2021.08.29"]
[Round "7.1"]
[White "Zambrana, Oswaldo"]
[Black "Vazquez, Guillermo"]
[Result "1/2-1/2"]
[WhiteElo "2464"]
[BlackElo "2466"]
[PlyCount "118"]
[EventDate "2021.08.27"]
[EventType "team"]
[EventRounds "9"]
[SourceVersionDate "2018.05.14"]
[WhiteTeam "Bolivia"]
[BlackTeam "Paraguay"]
[WhiteTeamCountry "BOL"]
[BlackTeamCountry "PAR"]

1. e4 e5 2. Nf3 Nc6 3. Bc4 Nf6 4. d3 h6 5. O-O d6 6. a4 g6 7. h3 Bg7 8. Re1 O-O
9. Nc3 Nb4 10. Bb3 c5 11. Na2 Nc6 12. Nc3 Nb4 13. Na2 Nc6 14. Nc3 Be6 15. Nd5
Bxd5 16. exd5 Nb4 17. c3 Nbxd5 18. d4 exd4 19. cxd4 Rc8 20. dxc5 dxc5 21. Ne5
Rc7 22. f4 Qd6 23. Qf3 Rd8 24. Rd1 Qe6 25. Bc4 Rd6 26. Ra3 Rc8 27. Rad3 Rcd8
28. Be3 b6 29. Bf2 a6 30. Ba2 Bf8 31. Bh4 g5 32. fxg5 hxg5 33. Ng4 gxh4 34.
Bxd5 Nxd5 35. Rxd5 Rxd5 36. Rxd5 Qe1+ 37. Qf1 Qxf1+ 38. Kxf1 Rd6 39. Rxd6 Bxd6
40. Nf6+ Kh8 41. Nd5 b5 42. Nc3 Be5 43. axb5 axb5 44. Nxb5 Bxb2 45. Nd6 Kg8 46.
Ke2 Be5 47. Nc4 Bd4 48. Kf3 Kg7 49. Kg4 Kf6 50. Kxh4 Ke6 51. Nb6 Kf5 52. g4+
Kf4 53. Kh5 Bf2 54. h4 Be1 55. g5 Kf5 56. Nc4 Bg3 57. Nb6 Be1 58. Nc4 Bg3 59.
Nb6 Be1 1/2-1/2

[Event "2021 FIDE Online Olympiad"]
[Site "Chess.com"]
[Date "2021.08.29"]
[Round "7.3"]
[White "Cordero, Daniela"]
[Black "Perez Rodriguez, Jennifer"]
[Result "0-1"]
[WhiteElo "1981"]
[BlackElo "2150"]
[PlyCount "94"]
[EventDate "2021.08.27"]
[EventType "team"]
[EventRounds "9"]
[SourceVersionDate "2018.05.14"]
[WhiteTeam "Bolivia"]
[BlackTeam "Paraguay"]
[WhiteTeamCountry "BOL"]
[BlackTeamCountry "PAR"]

1. d4 d5 2. Nf3 Nf6 3. c4 c6 4. Qc2 e6 5. Nbd2 Nbd7 6. g3 Bd6 7. Bg2 O-O 8. O-O
Qe7 9. Rd1 b6 10. e4 dxe4 11. Ng5 Bb7 12. Ngxe4 Bc7 13. a4 Nxe4 14. Nxe4 f5 15.
Nc3 Nf6 16. a5 bxa5 17. b3 Rfd8 18. Ba3 Qf7 19. Na4 Bb6 20. Bc5 Nd7 21. Bd6 Nf6
22. c5 Bc7 23. Be5 Nd5 24. Nb2 Ba6 25. Nc4 Bxc4 26. bxc4 Nb4 27. Qe2 Re8 28. f4
Rab8 29. Ra3 h6 30. Rda1 Bxe5 31. fxe5 Red8 32. d5 exd5 33. cxd5 Nxd5 34. Rxa5
Rb7 35. e6 Qe7 36. Ra6 Qxc5+ 37. Kh1 Ne7 38. Rd1 Rd4 39. h3 Qd6 40. Rxd4 Qxd4
41. Bxc6 Rb1+ 42. Kh2 Rb2 43. Qxb2 Qxb2+ 44. Bg2 Qd4 45. Ra5 g6 46. Rb5 Kg7 47.
Rb7 Kf6 0-1

[Event "2021 FIDE Online Olympiad"]
[Site "Chess.com"]
[Date "2021.08.29"]
[Round "7.4"]
[White "Vargas, Gabriela"]
[Black "Monroy G., Nataly A."]
[Result "1-0"]
[WhiteElo "2105"]
[BlackElo "1906"]
[PlyCount "79"]
[EventDate "2021.08.27"]
[EventType "team"]
[EventRounds "9"]
[SourceVersionDate "2018.05.14"]
[WhiteTeam "Paraguay"]
[BlackTeam "Bolivia"]
[WhiteTeamCountry "PAR"]
[BlackTeamCountry "BOL"]

1. d4 c5 2. d5 e6 3. c4 exd5 4. cxd5 d6 5. Nc3 g6 6. Nf3 Bg7 7. Nd2 a6 8. a4
Nd7 9. e4 Rb8 10. Be2 Ngf6 11. O-O O-O 12. a5 Re8 13. h3 h6 14. Re1 g5 15. Qc2
Ne5 16. Nf1 b5 17. axb6 Qxb6 18. Ra3 Ng6 19. Ne3 Ne5 20. Nb1 Re7 21. Nd2 Ne8
22. Ndc4 Nxc4 23. Nxc4 Qd8 24. Na5 Bd7 25. Bxa6 Ra8 26. Nc6 Bxc6 27. dxc6 Qb6
28. Bb7 Rxa3 29. bxa3 Nc7 30. Bd2 Ne6 31. Rb1 Qa7 32. a4 Nd4 33. Qc4 Qb8 34.
Qa2 Qc7 35. a5 Nxc6 36. a6 Na7 37. Ba5 Qb8 38. Bd5 Qc8 39. Rb7 Bd4 40. Rxe7 1-0

[Event "2021 FIDE Online Olympiad"]
[Site "Chess.com"]
[Date "2021.08.29"]
[Round "7.5"]
[White "Vera, Pavel"]
[Black "Melian, Juan Sebastian"]
[Result "1-0"]
[WhiteElo "1579"]
[BlackElo "1597"]
[PlyCount "217"]
[EventDate "2021.08.27"]
[EventType "team"]
[EventRounds "9"]
[SourceVersionDate "2018.05.14"]
[WhiteTeam "Bolivia"]
[BlackTeam "Paraguay"]
[WhiteTeamCountry "BOL"]
[BlackTeamCountry "PAR"]

1. d4 Nf6 2. e3 b6 3. Nf3 Bb7 4. Bd3 e6 5. O-O Be7 6. Nbd2 O-O 7. b3 c5 8. Bb2
a6 9. c4 cxd4 10. Nxd4 Qc7 11. Qe2 d6 12. Rac1 Nbd7 13. e4 Rac8 14. a3 Rfe8 15.
Kh1 Qb8 16. f4 Nc5 17. Bb1 e5 18. Nf5 Bf8 19. fxe5 dxe5 20. Nh6+ gxh6 21. Rxf6
Bg7 22. Rf3 Ne6 23. Rcf1 Re7 24. Qf2 Qc7 25. Rg3 Kh8 26. Nf3 Rd8 27. Nh4 f6 28.
Nf5 Rf7 29. Bc1 Nf4 30. Be3 Rdd7 31. Bxb6 Qc6 32. Be3 Qc7 33. Bc2 Bc6 34. h3
Bf8 35. Rg4 Bxa3 36. Bxf4 exf4 37. Nxh6 Rg7 38. Rxg7 Rxg7 39. Nf5 Rd7 40. Qh4
Qe5 41. Rxf4 Bf8 42. Rf2 Rf7 43. Qh5 Rd7 44. Qh4 Rf7 45. Qf4 Qc3 46. Qd2 Qa1+
47. Kh2 Qe5+ 48. Qf4 Qxf4+ 49. Rxf4 Bd7 50. Rf2 Bxf5 51. exf5 Bd6+ 52. Kh1 Re7
53. Rf1 Re2 54. Bd1 Re3 55. Bf3 Rxb3 56. Rd1 Be5 57. c5 Rc3 58. c6 Kg7 59. Kg1
a5 60. Rd7+ Kh6 61. Rd5 a4 62. Ra5 a3 63. Bd5 Kg5 64. Kf1 Kf4 65. Ra4+ Kxf5 66.
Ke2 h5 67. Bf3 Kg5 68. Kd2 Rb3 69. h4+ Kh6 70. Kc1 Rc3+ 71. Kd2 Rb3 72. Bd5
Rb2+ 73. Kd3 Rb5 74. Ke4 Kg6 75. Rxa3 Rb4+ 76. Kf3 Rf4+ 77. Ke2 Rd4 78. Bf3 Rc4
79. Kd3 Rd4+ 80. Ke2 Rc4 81. Ra2 Rc3 82. Rd2 Bf4 83. Rd4 Be5 84. Rd7 Kf5 85.
Rh7 Kf4 86. Rxh5 Rc2+ 87. Kd3 Rc3+ 88. Kd2 Rc5 89. Rh7 Ra5 90. h5 Kg5 91. Rg7+
Kh6 92. Rg8 Rc5 93. Kd3 f5 94. Rg6+ Kh7 95. Rg5 Bf6 96. Rxf5 Rc3+ 97. Kd2 Bg7
98. Rf7 Rc5 99. Kd3 Kh6 100. Rd7 Be5 101. Re7 Kg5 102. Re6 Bh8 103. Rg6+ Kf4
104. h6 Rc3+ 105. Kd2 Rc5 106. h7 Bc3+ 107. Kd3 Be5 108. Rg4+ Kf5 109. Rg8 1-0

[Event "2021 FIDE Online Olympiad"]
[Site "Chess.com"]
[Date "2021.08.29"]
[Round "7.6"]
[White "Oviedo Acosta, Paula"]
[Black "Beltran Salvador, Milka"]
[Result "1-0"]
[WhiteElo "1311"]
[BlackElo "1496"]
[PlyCount "77"]
[EventDate "2021.08.27"]
[EventType "team"]
[EventRounds "9"]
[SourceVersionDate "2018.05.14"]
[WhiteTeam "Paraguay"]
[BlackTeam "Bolivia"]
[WhiteTeamCountry "PAR"]
[BlackTeamCountry "BOL"]

1. e4 c5 2. Nf3 Nc6 3. d4 cxd4 4. Nxd4 e6 5. c4 Qc7 6. Nc3 a6 7. Be2 Bb4 8. O-O
Nf6 9. Nxc6 bxc6 10. Qc2 Bb7 11. a3 Bd6 12. f4 Bc5+ 13. Kh1 d6 14. b4 Bd4 15.
Bb2 c5 16. Bf3 cxb4 17. Na4 Bxb2 18. Nxb2 bxa3 19. Rxa3 O-O 20. Rd1 Qc5 21. Rb3
Rab8 22. Re1 d5 23. e5 Nd7 24. f5 dxc4 25. Rxb7 Rxb7 26. Bxb7 Qb4 27. Qf2 Qxb7
28. Nxc4 exf5 29. Qxf5 Nc5 30. Nd6 Qb4 31. Rf1 Qb3 32. e6 Nxe6 33. Nxf7 Nf4 34.
Qxf4 Rxf7 35. Qc1 Rxf1+ 36. Qxf1 Qb5 37. Qe1 a5 38. h3 Qd5 39. Qe8# 1-0

[Event "2021 FIDE Online Olympiad"]
[Site "Chess.com"]
[Date "2021.08.29"]
[Round "7.1"]
[White "Savva, Marios"]
[Black "Harper, Ryan"]
[Result "0-1"]
[WhiteElo "1777"]
[BlackElo "2198"]
[PlyCount "98"]
[EventDate "2021.08.27"]
[EventType "team"]
[EventRounds "9"]
[SourceVersionDate "2018.05.14"]
[WhiteTeam "Cyprus"]
[BlackTeam "Trinidad & Tobago"]
[WhiteTeamCountry "CYP"]

1. e4 c5 2. Nf3 e6 3. g3 Nc6 4. Bg2 Nf6 5. Qe2 d6 6. O-O Be7 7. c3 O-O 8. Rd1
Qb6 9. d4 cxd4 10. cxd4 d5 11. e5 Ne4 12. Nc3 Nxc3 13. bxc3 Na5 14. Bg5 Qd8 15.
h4 Bd7 16. Rab1 Rc8 17. Qd3 Be8 18. Bxe7 Qxe7 19. Ng5 f5 20. exf6 gxf6 21. Nh3
Bg6 22. Qb5 Bxb1 23. Rxb1 b6 24. Re1 Qe8 25. Qd3 Qg6 26. Qe3 Rfe8 27. Nf4 Qc2
28. Rc1 Qb2 29. Nxe6 Nc4 30. Qh6 Rxe6 31. Bxd5 Qe2 32. Qxf6 Rce8 33. Qg5+ Kh8
34. Bxe6 Qxe6 35. d5 Qg6 36. Qf4 Nd6 37. c4 Kg8 38. c5 bxc5 39. Rxc5 Rf8 40.
Qe3 Nf5 41. Qb3 Nd4 42. Qc4 Qf6 43. d6+ Kh8 44. Qf1 Qxd6 45. Rc1 Qe5 46. Rd1
Nf3+ 47. Kg2 Qe4 48. Qd3 Ne1+ 49. Kf1 Nxd3 0-1

[Event "2021 FIDE Online Olympiad"]
[Site "Chess.com"]
[Date "2021.08.29"]
[Round "7.3"]
[White "Sokolova, Victoria"]
[Black "Johnson, Gabriella"]
[Result "0-1"]
[WhiteElo "1269"]
[BlackElo "1733"]
[PlyCount "124"]
[EventDate "2021.08.27"]
[EventType "team"]
[EventRounds "9"]
[SourceVersionDate "2018.05.14"]
[WhiteTeam "Cyprus"]
[BlackTeam "Trinidad & Tobago"]
[WhiteTeamCountry "CYP"]

1. e4 g6 2. Nf3 Bg7 3. Bc4 d6 4. h3 a6 5. d4 b5 6. Bb3 Bb7 7. Nbd2 Nd7 8. O-O
c5 9. dxc5 Nxc5 10. Bd5 Bxd5 11. exd5 Nf6 12. Nb3 O-O 13. Re1 Ra7 14. Be3 Rc7
15. Bd4 Qa8 16. Be3 Nxd5 17. Nxc5 Nxe3 18. Rxe3 dxc5 19. c3 Rd8 20. Rd3 Rxd3
21. Qxd3 c4 22. Qe2 Rd7 23. Rd1 Qd8 24. Rxd7 Qxd7 25. Qe3 Qd1+ 26. Qe1 Qxe1+
27. Nxe1 Bh6 28. Nc2 Bc1 29. b3 Bd2 30. bxc4 bxc4 31. Nb4 a5 32. Nd5 e6 33. Ne3
Bxe3 34. fxe3 Kg7 35. Kf2 Kf6 36. Kf3 Ke5 37. e4 h5 38. g3 g5 39. g4 hxg4+ 40.
hxg4 f5 41. exf5 exf5 42. gxf5 Kxf5 43. Kg3 Ke4 44. Kg4 Kd3 45. Kxg5 Kxc3 46.
Kf4 Kd2 47. Kf3 c3 48. Ke4 c2 49. Kd4 c1=Q 50. a4 Qc3+ 51. Kd5 Qb4 52. Ke5 Qc4
53. Kd6 Ke3 54. Ke5 Qd4+ 55. Ke6 Kf4 56. Ke7 Qb6 57. Kd7 Ke5 58. Ke7 Qd6+ 59.
Kf7 Qf6+ 60. Kg8 Qe7 61. Kh8 Kf6 62. Kg8 Qg7# 0-1

[Event "2021 FIDE Online Olympiad"]
[Site "Chess.com"]
[Date "2021.08.29"]
[Round "7.4"]
[White "James, Shemilah"]
[Black "Papeta, Ariadni"]
[Result "1-0"]
[WhiteElo "1494"]
[BlackElo "1128"]
[PlyCount "85"]
[EventDate "2021.08.27"]
[EventType "team"]
[EventRounds "9"]
[SourceVersionDate "2018.05.14"]
[WhiteTeam "Trinidad & Tobago"]
[BlackTeam "Cyprus"]
[BlackTeamCountry "CYP"]

1. e4 e5 2. Nf3 Nc6 3. Bc4 Nf6 4. d3 d6 5. c3 Be7 6. O-O O-O 7. Bb3 Bg4 8. Nbd2
Bxf3 9. Nxf3 d5 10. exd5 Nxd5 11. Re1 f6 12. d4 exd4 13. Nxd4 Nxd4 14. Qxd4 c6
15. Bxd5+ cxd5 16. Bf4 Rf7 17. Rad1 g5 18. Be3 Qd6 19. Qxd5 Qxd5 20. Rxd5 Re8
21. h3 h5 22. Red1 g4 23. hxg4 hxg4 24. a3 Rg7 25. Bxa7 g3 26. fxg3 Rxg3 27.
Bf2 Rg6 28. Re1 Kf7 29. Rd7 b5 30. Bc5 Rg5 31. Bxe7 Reg8 32. Bc5+ Kg6 33. Bd4
Kf5 34. Rd5+ Kg6 35. Rxg5+ fxg5 36. Re6+ Kf7 37. Re5 Kf6 38. Rxb5+ Kg6 39. a4
Kh5 40. a5 Kh4 41. Be3 g4 42. Rb4 Kg3 43. Bf2# 1-0

[Event "2021 FIDE Online Olympiad"]
[Site "Chess.com"]
[Date "2021.08.29"]
[Round "7.5"]
[White "Amvrosiades, Themistokles"]
[Black "Yearwood, Sean"]
[Result "0-1"]
[WhiteElo "1000"]
[BlackElo "1678"]
[PlyCount "60"]
[EventDate "2021.08.27"]
[EventType "team"]
[EventRounds "9"]
[SourceVersionDate "2018.05.14"]
[WhiteTeam "Cyprus"]
[BlackTeam "Trinidad & Tobago"]
[WhiteTeamCountry "CYP"]

1. e4 d6 2. d4 Nf6 3. Nc3 g6 4. Nf3 Bg7 5. Bg5 O-O 6. Bc4 Bg4 7. h3 Bxf3 8.
Qxf3 Nc6 9. a3 Nxd4 10. Qd3 c5 11. Bd5 Qb6 12. Rb1 e6 13. Bxf6 Bxf6 14. Ba2
Rfe8 15. O-O Rad8 16. b4 Qc7 17. Rbd1 cxb4 18. axb4 Nxc2 19. Qxc2 Qxc3 20. Qxc3
Bxc3 21. b5 Bb4 22. f4 Rc8 23. f5 Rc2 24. Bb3 Rb2 25. Ba4 exf5 26. exf5 Ree2
27. Rf4 Rxg2+ 28. Kh1 Rh2+ 29. Kg1 Bc5+ 30. Kf1 Rh1# 0-1

[Event "2021 FIDE Online Olympiad"]
[Site "Chess.com"]
[Date "2021.08.29"]
[Round "7.6"]
[White "La Fleur, Zara"]
[Black "Antoniou, Evalena"]
[Result "1-0"]
[WhiteElo "1299"]
[BlackElo "1000"]
[PlyCount "69"]
[EventDate "2021.08.27"]
[EventType "team"]
[EventRounds "9"]
[SourceVersionDate "2018.05.14"]
[WhiteTeam "Trinidad & Tobago"]
[BlackTeam "Cyprus"]
[BlackTeamCountry "CYP"]

1. e4 e5 2. Nf3 Nc6 3. Bc4 Nf6 4. d3 Bc5 5. O-O O-O 6. c3 d6 7. a4 Be6 8. Bxe6
fxe6 9. b4 d5 10. exd5 exd5 11. bxc5 e4 12. dxe4 dxe4 13. Nd4 Nd5 14. Ne6 Qe7
15. Nxf8 Rxf8 16. Qxd5+ Rf7 17. Bg5 Qe5 18. Qxe5 Nxe5 19. Nd2 Nd3 20. Nxe4 Nb2
21. Rab1 Nxa4 22. Rxb7 Rf5 23. Be3 Re5 24. Rb8+ Kf7 25. Ng5+ Kf6 26. Bd4 Nxc5
27. f4 Ne6 28. Bxe5+ Kf5 29. g4+ Kxg4 30. Nxe6 g6 31. Ng7 a5 32. Kg2 a4 33. h3+
Kh4 34. Bf6+ g5 35. Bxg5# 1-0

[Event "2021 FIDE Online Olympiad"]
[Site "Chess.com"]
[Date "2021.08.29"]
[Round "8.1"]
[White "Van den Brink, Peter"]
[Black "Winter Atwell, Adrian"]
[Result "1-0"]
[WhiteElo "2185"]
[BlackElo "2073"]
[PlyCount "91"]
[EventDate "2021.08.27"]
[EventType "team"]
[EventRounds "9"]
[SourceVersionDate "2018.05.14"]
[WhiteTeam "Aruba"]
[BlackTeam "Trinidad & Tobago"]
[WhiteTeamCountry "ARN"]

1. c4 e5 2. g3 Nf6 3. Bg2 d5 4. cxd5 c6 5. dxc6 Nxc6 6. Nc3 Bc5 7. d3 O-O 8.
Nf3 h6 9. O-O Qe7 10. Be3 Bxe3 11. fxe3 Ng4 12. Qd2 f5 13. h3 Nf6 14. Nh4 Qf7
15. Nxf5 Qg6 16. g4 Bxf5 17. gxf5 Qg5 18. Rf3 Rad8 19. Raf1 e4 20. Rf4 exd3 21.
exd3 Ne5 22. d4 Nh5 23. Re4 Nc4 24. Qe2 Nd6 25. Rg4 Qf6 26. Rg6 Qh4 27. Qg4
Qxg4 28. hxg4 Nf6 29. e4 Nc8 30. e5 Ne7 31. exf6 Nxg6 32. fxg6 Rxf6 33. Rxf6
gxf6 34. d5 Kg7 35. Be4 a6 36. a4 Rc8 37. Kf2 Rc4 38. Ke3 b5 39. axb5 axb5 40.
Nxb5 Rb4 41. Nd4 Rxb2 42. Ne6+ Kg8 43. d6 Rb6 44. d7 Rd6 45. d8=Q+ Rxd8 46.
Nxd8 1-0

[Event "2021 FIDE Online Olympiad"]
[Site "Chess.com"]
[Date "2021.08.29"]
[Round "8.2"]
[White "Johnson, Joshua"]
[Black "Franken, Angelo"]
[Result "1-0"]
[WhiteElo "2145"]
[BlackElo "1686"]
[PlyCount "117"]
[EventDate "2021.08.27"]
[EventType "team"]
[EventRounds "9"]
[SourceVersionDate "2018.05.14"]
[WhiteTeam "Trinidad & Tobago"]
[BlackTeam "Aruba"]
[BlackTeamCountry "ARN"]

1. e4 e5 2. Nf3 Nc6 3. Bc4 Bc5 4. c3 Nf6 5. d4 exd4 6. e5 d5 7. Bb5 Nd7 8. cxd4
Bb4+ 9. Nc3 O-O 10. O-O Nb6 11. h3 a6 12. Bd3 Be7 13. a3 Be6 14. Bc2 Qd7 15.
Qd3 g6 16. Bh6 Bf5 17. Qe2 Rfe8 18. Bb3 Na5 19. Ba2 Nac4 20. Rac1 Be6 21. Ng5
Bf8 22. Bxf8 Rxf8 23. Nd1 h6 24. Nxe6 fxe6 25. Ne3 Nxe3 26. fxe3 Rxf1+ 27. Rxf1
Rf8 28. Rxf8+ Kxf8 29. Bb1 Qf7 30. b3 Nc8 31. Qc2 Kg7 32. e4 c6 33. exd5 exd5
34. Qd2 Ne7 35. Qb4 b5 36. Qd6 Kh7 37. Bd3 h5 38. h4 Nf5 39. Bxf5 Qxf5 40. e6
Qf6 41. Qd7+ Kh6 42. Qxc6 Qxd4+ 43. Kf1 Qd1+ 44. Kf2 Qd2+ 45. Kf3 Qd3+ 46. Kf2
Qd2+ 47. Kg3 Qe3+ 48. Kh2 Qf4+ 49. Kg1 Qe3+ 50. Kf1 Qd3+ 51. Ke1 Qb1+ 52. Kd2
Qe4 53. Qd6 Qd4+ 54. Ke2 Qb2+ 55. Kd3 Qxb3+ 56. Kd4 Qd1+ 57. Kc5 Qc2+ 58. Kb6
Qb1 59. e7 1-0

[Event "2021 FIDE Online Olympiad"]
[Site "Chess.com"]
[Date "2021.08.29"]
[Round "8.3"]
[White "Jacobs, Annelaine"]
[Black "Johnson, Gabriella"]
[Result "0-1"]
[WhiteElo "1612"]
[BlackElo "1733"]
[PlyCount "106"]
[EventDate "2021.08.27"]
[EventType "team"]
[EventRounds "9"]
[SourceVersionDate "2018.05.14"]
[WhiteTeam "Aruba"]
[BlackTeam "Trinidad & Tobago"]
[WhiteTeamCountry "ARN"]

1. e4 g6 2. d4 Bg7 3. Nc3 d6 4. Be3 a6 5. Nf3 b5 6. a3 Bb7 7. Bd3 Nd7 8. b3
Ngf6 9. O-O O-O 10. Qd2 Ng4 11. h3 Nxe3 12. Qxe3 c5 13. Rad1 Rc8 14. Nb1 cxd4
15. Nxd4 Nc5 16. Nf3 Qc7 17. Rfe1 Rfd8 18. Nfd2 Ne6 19. c4 Bd4 20. Qg3 Qb6 21.
Nf3 Bg7 22. cxb5 axb5 23. Rc1 d5 24. exd5 Bxd5 25. Rxc8 Rxc8 26. b4 Qa7 27. Rd1
Qa4 28. Re1 Ba2 29. Nfd2 Bb2 30. Qe3 Bxa3 31. Nxa3 Qxa3 32. Bxb5 Qxb4 33. Bf1
Rc2 34. Nf3 Bd5 35. Ne5 Qd4 36. Qxd4 Nxd4 37. Nd3 e6 38. Nb4 Rc5 39. Nxd5 Rxd5
40. Rd1 Nf3+ 41. gxf3 Rxd1 42. Kg2 Kf8 43. Be2 Rd4 44. Kg3 h6 45. Bb5 f5 46.
Ba6 Ke7 47. Kg2 Kd6 48. Kg3 g5 49. Bc8 h5 50. Kg2 Ke5 51. Kg3 h4+ 52. Kg2 Rd6
53. Ba6 Rxa6 0-1

[Event "2021 FIDE Online Olympiad"]
[Site "Chess.com"]
[Date "2021.08.29"]
[Round "8.4"]
[White "James, Shemilah"]
[Black "Aponte, Samantha"]
[Result "1-0"]
[WhiteElo "1494"]
[BlackElo "1087"]
[PlyCount "62"]
[EventDate "2021.08.27"]
[EventType "team"]
[EventRounds "9"]
[SourceVersionDate "2018.05.14"]
[WhiteTeam "Trinidad & Tobago"]
[BlackTeam "Aruba"]
[BlackTeamCountry "ARN"]

1. e4 e5 2. Nf3 Nc6 3. Bc4 Nf6 4. d3 Bc5 5. c3 d6 6. O-O Bg4 7. Nbd2 O-O 8. h3
Bh5 9. Bb3 Bb6 10. Re1 h6 11. Nf1 d5 12. exd5 Nxd5 13. Ng3 Re8 14. Nxh5 Nf6 15.
Ng3 Qd7 16. Ne4 Qe7 17. Nxf6+ Qxf6 18. Be3 Rad8 19. Qc2 Kh8 20. Bxb6 axb6 21.
Rad1 Kg8 22. Re4 Rd6 23. Rde1 Red8 24. Nxe5 Nxe5 25. Rxe5 Rxd3 26. Re8+ Kh7 27.
Rxd8 Qxd8 28. Rd1 Kg8 29. Qxd3 Qf6 30. Qd8+ Qxd8 31. Rxd8+ Kh7 1-0

[Event "2021 FIDE Online Olympiad"]
[Site "Chess.com"]
[Date "2021.08.29"]
[Round "8.5"]
[White "Stetsenko, Ilya"]
[Black "Ramsumair, Daenon"]
[Result "0-1"]
[WhiteElo "1683"]
[BlackElo "1469"]
[PlyCount "130"]
[EventDate "2021.08.27"]
[EventType "team"]
[EventRounds "9"]
[SourceVersionDate "2018.05.14"]
[WhiteTeam "Aruba"]
[BlackTeam "Trinidad & Tobago"]
[WhiteTeamCountry "ARN"]

1. d4 Nf6 2. Bf4 d5 3. e3 e6 4. Nd2 c5 5. c3 Bd6 6. Bg3 O-O 7. Ngf3 Qc7 8. dxc5
Qxc5 9. Nb3 Qc7 10. Bxd6 Qxd6 11. c4 Qb4+ 12. Qd2 Nc6 13. Nbd4 Nxd4 14. Nxd4
Qxd2+ 15. Kxd2 Ne4+ 16. Ke1 dxc4 17. Bxc4 Bd7 18. Ke2 Rac8 19. Rac1 Rfd8 20.
Bd3 Nc5 21. Bc4 Na4 22. b4 e5 23. Nf3 Bg4 24. h3 Bxf3+ 25. Kxf3 Nb2 26. Bb3 Nd3
27. Rxc8 Rxc8 28. Rd1 Nxb4 29. Rd7 Rf8 30. Rxb7 a5 31. Rb5 Re8 32. Rxa5 e4+ 33.
Ke2 Nd3 34. Kd2 Rd8 35. Rd5 Rc8 36. Rd7 Rf8 37. f3 Ne5 38. Ra7 exf3 39. gxf3
Nxf3+ 40. Ke2 Ne5 41. e4 g6 42. a4 Rb8 43. Bd5 Kg7 44. a5 Rb2+ 45. Ke3 Rh2 46.
a6 Rxh3+ 47. Kd4 Kf6 48. Ra8 g5 49. a7 g4 50. Rg8 Rd3+ 51. Kc5 Nd7+ 52. Kc4
Ne5+ 53. Kb4 Rd4+ 54. Kc5 Ra4 55. a8=Q Nd7+ 56. Kd6 Rxa8 57. Bxa8 Ne5 58. Bd5
h5 59. Rh8 g3 60. Rg8 h4 61. Bb3 Nf3 62. Bd1 Ng5 63. Rxg5 Kxg5 64. Bf3 h3 65.
e5 g2 0-1